000 00634nam a2200229Ia 4500
003 OSt
005 20220928112559.0
006 a|||||r|||| 00| 0
007 ta
008 220927b |||||||| |||| 00| 0 eng d
024 _a54195
037 _cTextual
040 _aSDCL
_cSDCL
_beng
041 _2eng
_aeng
082 _aV44974:72'D8<84, N4
100 _aVerma T P
_9428885
245 0 _aCorpus of the Lichchhavi inscriptions of Nepal
260 _aNew Delhi
_bRamanand Vidya Bhawan
_c1994
300 _alx,250p
_ccm.
942 _hV44974:72'D8<84, N4
_cTEXL
_2CC
999 _c745380
_d745380